Montjuïc : Barcelona Parque Central / [Coordinación general: Joaquim Latorre] Barcelona Parque Central / [Coordinación general:
ISBN:
84-7609-426-4
Descripción Física:
227 p. : fot. col. ; 30 cm
Otros Autores:
Latorre, Joaquim
MARC
| LEADER | 00000nam a2200000Ia 4500 | ||
|---|---|---|---|
| 001 | 18756 | ||
| 008 | 160829s2007 xx 000 0 cat d | ||
| 020 | |a 84-7609-426-4 | ||
| 080 | |a M-5-383 | ||
| 245 | |a Montjuïc : |b Barcelona Parque Central / [Coordinación general: |b Joaquim Latorre] | ||
| 260 | |a Barcelona: |b Barcelona de Serveis Municipals : |b Ajuntament de Barcelona, |c 2007 | ||
| 300 | |a 227 p. : |b fot. col. ; |c 30 cm | ||
| 590 | |a Hi ha un exemplar en català amb R. 18755 | ||
| 650 | |a Montjuïc (Barcelona) |x Fotografies |9 44691 | ||
| 650 | |a Montjuïc (Barcelona) |x Història |9 44692 | ||
| 700 | 1 | |a Latorre, Joaquim |9 44693 | |
| 710 | 1 | |a Barcelona (Catalunya). |b Ajuntament |9 50981 | |
| 901 | |a Arxiu | ||
| 942 | |n 1 | ||
| 952 | |0 0 |1 0 |4 0 |6 M5383 |7 1 |9 52116 |a Arxiu |b Arxiu |d 2016-12-01 |l 0 |o M-5-383 |p 18756 |r 2016-12-01 00:00:00 |w 2016-12-01 |y ARXIU | ||
| 999 | |c 55964 |d 55964 | ||